Sanat "Täydellinen elämä" - Suvi Teräsniska - Statistics

Yleistilastot
  • Tätä visaa on pelattu 27 kertaa
  • Keskiarvotulos 142 / 207
Vastaustilastot
Vastaus % Oikein
Elämä
100%
elämä
100%
on
100%
täydellinen
95%
ja
89%
meil
89%
aiheita
84%
laulun
84%
se
84%
täynnä
84%
kun
74%
Kun
74%
laittaa
74%
lauluun
74%
Mul
74%
mul
74%
tapana
74%
joskus
68%
kyyneliin
68%
ne
68%
valoa
68%
varjoa
68%
en
63%
huomaamatta
63%
hyvän
63%
itkun
63%
joiden
63%
kaikki
63%
kiristää
63%
kurkkua
63%
muruset
63%
myös
63%
onnea
63%
pistää
63%
silloin
63%
surullisia
63%
tiristää
63%
vaiheita
63%
ylös
63%
kaulukset
58%
kävelet
58%
sekoitus
58%
vaikeat
58%
aiheet
53%
haikeat
53%
hetket
53%
kaikille
53%
kertoo
53%
kokemukset
53%
mitä
53%
näin
53%
ohitse
53%
ovat
53%
tuttuja
53%
kaikkea
47%
kanna
47%
kuulin
47%
mieltä
47%
purkaa
47%
sisälläin
47%
tosijuttuja
47%
eron
42%
42%
laitoin
37%
laulaa
37%
paperille
37%
pettymykset
37%
arpista
32%
hölmöt
32%
kaiken
32%
menetin
32%
minkä
32%
pelotkin
32%
samalla
32%
surut
32%
sydäntäin
32%
tätä
32%
uskalsin
32%
puolitin
26%
siinä
26%
ulos
26%
käyttää
21%
vihdoin
16%
Ehtoja vastaavia visoja ei löytynyt
Tulosjakauma
Jokaisen tuloksen saaneiden osuus
Persentiili vastausten määrän mukaan
Tuloshistoriasi
Et ole pelannut tätä visaa